| 000 | 02690cam a2200301 4500 | ||
|---|---|---|---|
| 001 | L153596 | ||
| 008 | 110519n2010 000 0 eng u | ||
| 020 | _a9783642021008 | ||
| 035 | _a(Sirsi) u153596 | ||
| 041 | 0 | _aeng | |
| 050 | _a624.08 | ||
| 100 | _aJaeger, Axel-Volkmar | ||
| 245 |
_aFIDIC _ba guide for practitioners _h[electronic resource] |
||
| 260 |
_bSpringer Verlag _c2010 |
||
| 505 | 2 | _a1 Legal Systems -- 2 Conflict of Laws -- 3 English and International Standard Forms of Contract -- 4 Civil Law Business Terms --5 Development Stages -- 6 Understanding FIDIC: A Civil Law Approach -- 7 FIDIC Contract Documents -- 8 Employer's Duties -- 9 Contractor's Duties -- 10 Design Responsibility -- 11 Engineer -- 12 Time for Completion -- 13 Variations -- 14 Tests -- 15 Certificates -- 16 Defects Notification Period and (Post Contractual) Defects Liability -- 17 Termination -- 18 Discharge, Frustration and Force Majeure -- 19 Risk, Insurance and Exceptional Risk -- 20 Bonds, Guarantees, Letters of Credit -- 21 Claim Management -- 22 Disputes --23 Samples -- 24 Delay Schedule | |
| 520 | _aThis book provides an introduction to the 1999 FIDIC forms of contract including the FIDIC Red Book, the FIDIC Yellow Book, the FIDIC Silver Book and the new 2008 FIDIC Gold Book. Consulting engineers, architects and employers will also find reliable information about the FIDIC White Book. The authors explain the meaning of terms and features which are used by FIDIC. In particular the authors attempt to explain the English legal wording in its original legal context for use in civil law countries. Common law practitioners will find useful advice on civil law features and concepts which affect the use of FIDIC contracts in civil law countries. The book covers pre-contractual and contractual issues and the management of FIDIC contracts and offers support in interpreting and understanding the contract terms and contract procedures as to variations, tests, payment certificates, taking-over cases, claims and dispute resolution features. It includes flow charts, glossaries, checklists and sample letters. Common law practitioners will also find helpful information on civil law jurisdictions and civil law concepts. | ||
| 650 | _aCLAIMS | ||
| 650 | _aEBOOK | ||
| 650 | _aDISPUTES | ||
| 650 | _aFIDIC CONDITIONS OF CONTRACT | ||
| 650 | _aFIDIC RED BOOK | ||
| 650 | _aRICS APPRAISAL AND VALUATION MANUAL | ||
| 651 | 4 | _aENGLAND AND WALES | |
| 690 | _aBUILT ENVIRONMENT-BUILDING CONTRACT FORMS | ||
| 700 | 1 | _aHök, Götz-Sebastian | |
| 856 | 4 | 0 |
_uhttps://www.vlebooks.com/ _zView on VLEbooks. Logins for members only from [email protected] |
| 942 |
_n0 _2ddc |
||
| 999 |
_c112600 _d112600 |
||